| 000 | 01578nam a22004094a 4500 | ||
|---|---|---|---|
| 001 | ebr10188481 | ||
| 003 | CaPaEBR | ||
| 006 | m u | ||
| 007 | cr cn||||||||| | ||
| 008 | 050624s2006 mdu sb 001 0 eng | ||
| 010 | _z 2005018223 | ||
| 015 |
_aGBA643664 _2bnb |
||
| 016 | 7 |
_z013456023 _2Uk |
|
| 020 | _z0801883202 (hardcover : alk. paper) | ||
| 020 | _z0801883210 (pbk. : alk. paper) | ||
| 020 | _z9780801883200 | ||
| 020 | _z9780801883217 | ||
| 040 |
_aCaPaEBR _cCaPaEBR |
||
| 035 | _a(OCoLC)232160442 | ||
| 050 | 1 | 4 |
_aRG556.6 _b.M66 2006eb |
| 082 | 0 | 4 |
_a618.2 _222 |
| 100 | 1 | _aMoore, Michele. | |
| 245 | 1 | 0 |
_aPregnancy and parenting after thirty-five _h[electronic resource] : _bmid life, new life / _cMichele C. Moore, Caroline M. de Costa. |
| 260 |
_aBaltimore, Md. : _bJohns Hopkins University Press, _c2006. |
||
| 300 | _avi, 286 p. | ||
| 490 | 1 | _aA Johns Hopkins Press health book | |
| 504 | _aIncludes bibliographical references (p. 275-277) and index. | ||
| 533 |
_aElectronic reproduction. _bPalo Alto, Calif. : _cebrary, _d2013. _nAvailable via World Wide Web. _nAccess may be limited to ebrary affiliated libraries. |
||
| 650 | 0 | _aPregnancy in middle age. | |
| 650 | 0 | _aChildbirth in middle age. | |
| 650 | 0 | _aMiddle-aged mothers. | |
| 655 | 7 |
_aElectronic books. _2local |
|
| 700 | 1 |
_aDe Costa, Caroline, _d1947- |
|
| 710 | 2 | _aebrary, Inc. | |
| 830 | 0 | _aJohns Hopkins Press health book. | |
| 856 | 4 | 0 |
_uhttp://site.ebrary.com/lib/rucke/Doc?id=10188481 _zAn electronic book accessible through the World Wide Web; click to view |
| 999 |
_c148621 _d148621 |
||